000 04350nam a22002297a 4500
003 UA-OsUOA
005 20220504132607.0
008 220504b un ||||| m||| 00| 0 ukr d
040 _aUA-OsUOA
_bukr
_cUA-OsUOA
_dUA-OsUOA
041 _aukr
080 _a343.713
090 _a343.713
095 _a12.00.08
_bкримінальне право та кримінологія; кримінально-виконавче право
100 _aСоболь О.І.
245 _aКласифікація злочинів
_cСоболь Оксана Іванівна; наук. керівник Музика Анатолій Ананійович
260 _aДніпропетровськ
_c2012
300 _a20 с.
502 _6Автореферат дисертації на здобуття наукового ступеня кандидата юридичних наук
_cДніпропетровський державний університет внутрішніх справ
_d2012
520 _aЗа форматом дослідження - це перша в Україні дисертація з теоретичних і прикладних проблем законодавчої класифікації злочинів, що передбачена КК України. Сформульовано поняття матеріального та формального критеріїв законодавчої класифікації злочинів, доведена необхідність усунення законодавцем парадоксальних положень ст. 12 КК України стосовно можливості визначення ступеня тяжкості злочину з використанням основного покарання у виді штрафу відповідного розміру. Обґрунтовано актуальність перспективного напряму вдосконалення кримінального законодавства ~ необхідність розробки і втілення в Загальній частині КК України типових санкцій (у межах інституту класифікації' злочинів), що дозволило б уніфікувати відповідальність за злочини відповідної тяжкості та уникнути значної кількості вад як результату несистемного, довільного формулювання індивідуальних санкцій у межах Особливої частини цього Кодексу. Досліджені питання про криміналізацію діянь в аспекті диференціації кримінальної відповідальності, а також проаналізовано, як саме віднесення злочину до певно класифікаційної категорії впливає на подальшу реалізацію кримінальної відповідальності особи, на вирішення низки питань в інших галузях права. Зроблено висновок про доцільність реформування кримінального та адміністративного законодавства в аспекті новітнього підходу - запровадження Інституту кримінальних проступків у вітчизняній системі права. Водночас доведено, що положення Кримінального процесуального кодексу України 2012 р. у цій частині є некоректними з погляду на кримінально-правову пріоритетність законодавчого врегулювання аналізованого питання та необхідність передусім внесення відповідних коректив до Конституції України. Розроблено проєкт нової редакції ст. 12 КК України.
650 _2UDC
_a34 Право
942 _2udc
_cAR
999 _c572444
_d572444